000 00528nam a2200157 a 4500
001 000016026
005 20200929164237.0
008 100223s1912 dr 000 0 spa d
040 _aDO-SdBNP
_bspa
_cBNPHU
082 _axxx
_bR696a
100 1 _aRodríguez, C. Armando
_926133
245 1 4 _aLos atropellos de la guardia republicana y la actitud del procurador general /
_cC. Armando Rodríguez.
260 _aSanto Domingo :
_bImprenta J. R. Viuda García,
_c1912.
300 _a28 p. ;
_c25 cm.
590 _aInventariado, 2019/VM
999 _c15568
_d15568